| 000 | 00711nam a2200181Ia 4500 | ||
|---|---|---|---|
| 008 | 151202s9999||||xx |||||||||||||| ||und|| | ||
| 082 | _bPNVM-67328 | ||
| 100 | _aपुणतांबेकर प्रद्दुम्न श्रीकृष्ण. | ||
| 245 | _aगीतानंद. | ||
| 260 | _b"अमला घाटपांडे, पुणे." | ||
| 260 | _c67328 | ||
| 300 | _a109 | ||
| 600 | _aपुणतांबेकर प्रद्दुम्न श्रीकृष्ण. | ||
| 630 | _aगीतानंद. | ||
| 700 | _aपुणतांबेकर प्रद्दुम्न श्रीकृष्ण. | ||
| 730 | _aगीतानंद. | ||
| 942 | _cBOOK | ||
| 999 |
_c1333857 _d1333854 |
||